Sổ tay chẩn đoán và điều trị; T4

में बचाया:
ग्रंथसूची विवरण
मुख्य लेखक: Robert Berkow
स्वरूप: पुस्तक
भाषा:Undetermined
प्रकाशित: Hà Nội Y Học 1999
विषय:
टैग : टैग जोड़ें
कोई टैग नहीं, इस रिकॉर्ड को टैग करने वाले पहले व्यक्ति बनें!
Thư viện lưu trữ: Trung tâm Học liệu Trường Đại học Cần Thơ
LEADER 00589nam a2200193Ia 4500
001 CTU_32661
008 210402s9999 xx 000 0 und d
020 |b 72.000đ 
082 |a 615.5 
082 |b B513/T4 
100 |a Robert Berkow 
245 0 |a Sổ tay chẩn đoán và điều trị; T4 
245 0 |c Robert Berkow, Andrew J Fletcher 
260 |a Hà Nội 
260 |b Y Học 
260 |c 1999 
650 |a diagnosis,diseases - causes and theories of causation,therapeutics 
904 |i Minh, 990814 
980 |a Trung tâm Học liệu Trường Đại học Cần Thơ